000 00651nam a2200253Ia 4500
008 160901s9999 xx 000 0 und d
020 _a978-981-06-9767-9
050 _aComSc QA 76.73
050 _b.J38D45 2010
100 _aDeitel, Paul J.
245 _aJava how to program :
245 _bearly objects /
245 _cPaul Deitel.
250 _a8th Edition
260 _aUSA :
260 _bPearson Educ. Int'l. Inc.,
260 _c2010
300 _a1506 pages :
300 _bill. ;
300 _c22 cm.
440 _aDeitel how to program series
500 _aIncludes index.
650 _aJava (Computer program language).
999 _c300787
_d300787